书目信息 |
| 题名: |
火星奇观
|
|
| 作者: | 斯帕罗 著 ;鲁暘筱懿 译 | |
| 分册: | ||
| 出版信息: | 北京 人民邮电出版社 2017 |
|
| 页数: | 224页 | |
| 开本: | 26cm | |
| 丛书名: | ||
| 单 册: | ||
| 中图分类: | P185.3-49 | |
| 科图分类: | ||
| 主题词: | 火星--huo xing--青少年读物 | |
| 电子资源: | ||
| ISBN: | 978-7-115-43688-7 | |
| 000 | 01004nam0 22002651 450 | |
| 001 | 1761116167 | |
| 005 | 20170619172029.0 | |
| 010 | @a978-7-115-43688-7@dCNY69.00 | |
| 100 | @a20170427d2017 demy0chiy50 ea | |
| 101 | 1 | @achi@ceng |
| 102 | @aCN@b110000 | |
| 105 | @aa z 000yy | |
| 106 | @ar | |
| 200 | 1 | @a火星奇观@9huo xing qi guan@e红色星球新揭秘@dMars@ea new view of the red planet@f(英)贾尔斯·斯帕罗(Giles Sparrow)著@g鲁暘筱懿译@zeng |
| 210 | @a北京@c人民邮电出版社@d2017 | |
| 215 | @a224页@c图@d26cm | |
| 330 | @a本书内有200多张壮观的照片以及含有丰富内容的彩色图片,描绘了从火星北极到南方高原的所有角落,以及种种槽沟及峡谷。 | |
| 510 | 1 | @aMars@ea new view of the red planet@zeng |
| 517 | 1 | @a红色星球新揭秘@9hong se xing qiu xin jie bi |
| 606 | 0 | @a火星@9huo xing@j青少年读物 |
| 690 | @aP185.3-49@v5 | |
| 701 | 1 | @c(英)@a斯帕罗@9si pa luo@c(Sparrow, Giles)@4著 |
| 702 | 0 | @a鲁暘筱懿@9lu yang xiao yi@4译 |
| 801 | 0 | @aCN@b百万庄@c20170619 |
| 905 | @b1014675-80@dP185.3-49@e201@f6 | |
| 火星奇观:红色星球新揭秘=Mars:a new view of the red planet/(英)贾尔斯·斯帕罗(Giles Sparrow)著/鲁暘筱懿译.-北京:人民邮电出版社,2017 |
| 224页:图;26cm |
| ISBN 978-7-115-43688-7:CNY69.00 |
| 本书内有200多张壮观的照片以及含有丰富内容的彩色图片,描绘了从火星北极到南方高原的所有角落,以及种种槽沟及峡谷。 |
| ● |
| 相关链接 |
|
|
|
|
正题名:火星奇观
索取号:P185.3-49/201
 
预约/预借
| 序号 | 登录号 | 条形码 | 馆藏地/架位号 | 状态 | 备注 |
| 1 | 1014675 | 210146750 | 第二样本阅览室/ [索取号:P185.3-49/201] | 在馆 | |
| 2 | 1014676 | 210146769 | 教育系资料室/ [索取号:P185.3-49/201] | 在馆 | |
| 3 | 1014677 | 210146778 | 教育系资料室/ [索取号:P185.3-49/201] | 在馆 | |
| 4 | 1014678 | 210146787 | 教育系资料室/ [索取号:P185.3-49/201] | 在馆 | |
| 5 | 1014679 | 210146796 | 第三借阅区/ [索取号:P185.3-49/201] | 在馆 | |
| 6 | 1014680 | 210146803 | 第三借阅区/ [索取号:P185.3-49/201] | 在馆 |